La fonética
محفوظ في:
| المؤلف الرئيسي: | |
|---|---|
| التنسيق: | كتاب |
| اللغة: | الإسبانية |
| منشور في: |
Buenos Aires
EUDEBA
1966
|
| الطبعة: | 2a. ed |
| سلاسل: | Cuadernos, 107
|
| الموضوعات: | |
| الوسوم: |
إضافة وسم
لا توجد وسوم, كن أول من يضع وسما على هذه التسجيلة!
|
MARC
| LEADER | 00000nam a2200000 a 4500 | ||
|---|---|---|---|
| 001 | UCR9505 | ||
| 003 | CL-VaPUC | ||
| 008 | 980613e19660000AG |||||||||||||||||spa|d | ||
| 082 | 0 | 4 | |a 414 |b MAL |2 21 |
| 100 | |a Malmberg, Bertil |e autor |9 469144 | ||
| 245 | 1 | 3 | |a La fonética |
| 250 | |a 2a. ed | ||
| 300 | |a 127 p | ||
| 942 | |c BK | ||
| 945 | |d 19980613 00:00:00 |a crobeson | ||
| 260 | |a Buenos Aires |b EUDEBA |c 1966 | ||
| 650 | 7 | |a LINGUISTICA DESCRIPTIVA |2 CL-VaPUC |9 412101 | |
| 650 | 0 | |a Fonética |9 308371 | |
| 650 | 0 | |a Análisis del habla |9 342630 | |
| 650 | 0 | |a Fonación |9 335779 | |
| 650 | 0 | |a Fonología |9 341074 | |
| 650 | 7 | |a HABLA |2 CL-VaPUC |9 311668 | |
| 583 | |a last modification |c 19980613 00:00:00 |k Rodrigo Vera | ||
| 490 | 0 | |a Cuadernos, 107 | |
| 999 | |c 270696 |d 270694 | ||
| 952 | |0 0 |1 0 |4 0 |6 414_000000000000000_MAL_1966 |7 0 |8 A |9 305077 |a BIBEDU |b BIBEDU |d 2019-11-20 |i 1417126 |o 414 MAL 1966 |p 1417126 |r 2019-11-20 |w 2019-11-20 |y BK |k LIT | ||
| 952 | |0 0 |1 0 |4 0 |6 414_000000000000000_MAL_1966 |7 0 |8 A |9 305078 |a FDOPOS |b FDOPOS |d 2019-11-20 |i 369187K |o 414 MAL 1966 |p 369187K |r 2025-01-22 |w 2019-11-20 |y BK |k MLA | ||